LIBRARY & INFORMATION CENTRE, KCAET, TAVANUR

ONLINE PUBLIC ACCESS CATALOGUE (OPAC)

Machine design: an integrated approach (Record no. 13790)

MARC details
000 -LEADER
fixed length control field 00321nam a22001337a 4500
020 ## - INTERNATIONAL STANDARD BOOK NUMBER
ISBN 9788131705339
082 ## - DEWEY DECIMAL CLASSIFICATION NUMBER
Classification number 621.815
Item number NOR/MA
100 ## - MAIN ENTRY--AUTHOR NAME
Personal name Norton, Robert L
245 ## - TITLE STATEMENT
Title Machine design: an integrated approach
250 ## - EDITION STATEMENT
Edition statement 2nd ed
260 ## - PUBLICATION, DISTRIBUTION, ETC. (IMPRINT)
Place of publication New Delhi
Name of publisher Pearson education
Year of publication 2012
300 ## - PHYSICAL DESCRIPTION
Number of Pages 1078 p
942 ## - ADDED ENTRY ELEMENTS (KOHA)
Koha item type Books
Holdings
Withdrawn status Lost status Damaged status Collection code Home library Current library Shelving location Date acquired Source of acquisition Cost, normal purchase price Full call number Accession Number Koha item type
      Non-fiction KAUAET KAUAET General Stacks 31/03/2012 Penta Book Distributors, Calicut 685.00 621.815 NOR/MA 22713 Books
        KAUAET KAUAET Scheme 20/08/2016 Penta Books Distributors, Calicut. 899.00 621.815 NOR/MA BB 414 Book Bank scheme for SC students
free website counter